000 00271nam a2200109Ia 4500
008 210107s9999 xx 000 0 und d
100 _aPorter, Michael and Takeuchi,Hirotaka
245 0 _aCan Japan compete ?
260 _aLondon
_bMacmillan
300 _a208
942 _cBK
999 _c10611
_d10611